USA Fun Trivia - Statistics

General Stats
  • This quiz has been taken 129 times
  • The average score is 5 of 10
Answer Stats
Question Answer % Correct
What is the largest state of the USA Alaska
100%
Which Country did the USA put bombs on during WW2? Japan
100%
What is the least populated state of the USA Wyoming
100%
Which state bird is the state bird for most states? Cardinal
71%
how many countries does the USA border(includes maritime) 2(2M)
29%
Which state is smaller Wyoming
29%
Does the Rocky Mountains extend into Canada and mexico yes
29%
Did you like the quiz? yes
29%
How many states are in the great plains 9
0%
Will you subscribe to SupeRobloxianz? yes
0%
No matching quizzes found
Score Distribution
Percent of People with Each Score
Percentile by Number Answered
Your Score History
You have not taken this quiz